Law,practice & Procedure of service tax : (Record no. 101487)
[ view plain ]
| 000 -LEADER | |
|---|---|
| fixed length control field | 00775nam a22002057a 4500 |
| 005 - DATE AND TIME OF LATEST TRANSACTION | |
| control field | 20181212123304.0 |
| 010 ## - LCCN (DPL NO) | |
| LC control number | ENG-115537-538 |
| 020 ## - INTERNATIONAL STANDARD BOOK NUMBER | |
| International Standard Book Number | 9789351439714(Set of 2-vols) |
| Terms of availability | 2250.00(Set of 2-vols) |
| 020 ## - INTERNATIONAL STANDARD BOOK NUMBER | |
| International Standard Book Number | 9789351439714(Set of 2-vols) |
| Terms of availability | 2250.00(Set of 2-vols) |
| 035 ## - SYSTEM CONTROL NUMBER | |
| System control number | EN-99069-070 |
| 037 ## - SOURCE OF ACQUISITION | |
| Source of stock number/acquisition | DBAD/PUB |
| 082 ## - DEWEY DECIMAL CLASSIFICATION NUMBER | |
| Classification number | 343.540552 |
| 100 ## - MAIN ENTRY--PERSONAL NAME | |
| Personal name | Mittal,J.K. |
| 245 ## - TITLE STATEMENT | |
| Title | Law,practice & Procedure of service tax : |
| Remainder of title | as amended by finance act,2016 / |
| Statement of responsibility, etc | by J.K.Mittal |
| 250 ## - EDITION STATEMENT | |
| Remainder of edition statement | 32nd ed. |
| 260 ## - PUBLICATION, DISTRIBUTION, ETC. (IMPRINT) | |
| Place of publication, distribution, etc | Gurgaon |
| Name of publisher, distributor, etc | Lexis Nexis |
| Date of publication, distribution, etc | 2016 |
| 270 ## - ADDRESS | |
| Address | 14th Floor ,Building N0-10,Tower-B DLF Cyber Cirty,Phase-II |
| City | Gurgaon(Haryana) |
| Postal code | 122002 |
| 300 ## - PHYSICAL DESCRIPTION | |
| Extent | 2 Vols (xxii,987p.xcvi,xxii,998-2323p.) |
| Dimensions | 24cm (pbk) |
| 942 ## - ADDED ENTRY ELEMENTS (KOHA) | |
| Source of classification or shelving scheme | Dewey Decimal Classification |
| Item type | English Books |
| Classification part | 343.5405522 MIT |
| Withdrawn status | Lost status | Materials specified (bound volume or other part) | Not for loan | Collection code | Home library | Current library | Date acquired | Source of acquisition | Cost, normal purchase price | Full call number | Barcode | Copy number | Cost, replacement price | Koha item type |
|---|---|---|---|---|---|---|---|---|---|---|---|---|---|---|
| vol-1 | Not For Loan | Non-fiction | D.B.Act.Division | Bawana | 26/07/2016 | DBAD/PUB | 2250.00 | 343.5405522 | EN-99069 | 1 | 2250.00 | English Books | ||
| vol-2 | Not For Loan | Non-fiction | D.B.Act.Division | Bawana | 26/07/2016 | DBAD/PUB | 2250.00 | 343.5405522 | EN-99070 | 1 | 2250.00 | English Books |
